000 00317nam a2200133Ia 4500
008 150201s2014 xx 000 0 und d
082 _a617.643
_bA2012M
100 _aMELSEN , BIRTE
245 _aADULT ORTHODONTICS
250 _a1ST
260 _bJOHN WILLEY PUBLICATION
650 _aORTHODONTICS
942 _2ddc
_cBK
999 _c4888
_d4888